| 000 | 00853cab a2200277 4500 | ||
|---|---|---|---|
| 001 | WB3337-11 | ||
| 008 | 090401t1997 xxu||||| |||| 00| 0 eng d | ||
| 035 | _a(Sirsi) u81075 | ||
| 041 | _aeng | ||
| 245 | _aRelocation | ||
| 260 | _c1997 | ||
| 350 | _a0 | ||
| 490 |
_aDaily Telegraph _v23 September 1997, 30-31(2) LOAN |
||
| 520 | _aFeatures the Channel Ports, London, Wales, Barnsley and attempts by city centres to attract new companies with more than 400 towns having management schemes in place supported by local business interests. | ||
| 650 | _aBARNSLEY | ||
| 650 | _aCITY CENTRES | ||
| 650 | _aDOVER | ||
| 650 | _aFOREIGN INVESTMENT | ||
| 650 | _aRELOCATION | ||
| 650 | _aTOWN CENTRE MANAGEMENT | ||
| 650 | _aTOWN CENTRES | ||
| 650 | _aWALES | ||
| 690 | _aPROPERTY-COMMERCIAL PROPERTY | ||
| 942 | _n0 | ||
| 948 | _c24/09/1997 | ||
| 999 |
_c51080 _d51080 |
||